Rozponaj zawodnika FC Barcelony #6 - Statystyki

Ogólne statystyki
  • Ten quiz został rozwiązany 50 razy
  • Średni wynik to 10 z 16
Statystyki odpowiedzi
Obrazkowy Odpowiedź % Poprawnych
Frenkie de Jong
100%
Lamine Yamal
97%
Johan Cruijff
91%
Javier Mascherano
89%
Samuel Eto’o
83%
Alejandro Balde
80%
Adama Traoré
74%
Paulinho
71%
Edgar Davids
69%
Martin Braithwaite
63%
Thomas Vermaelen
51%
Seydou Keita
46%
Gary Lineker
34%
Dmytro Czyhrynski
29%
Juan Román Riquelme
29%
Pepe Reina
9%
Nie znaleziono quizów pasujących do podanych kryteriów
Rozkład punktacji
Procent ludzi z każdym wynikiem
Percentyl według liczby udzielonych odpowiedzi
Twoja historia wyników
Nie rozwiązałeś tego quizu